Dejiny menejcennosti : Úryvok z druhej kapitoly Kroky

Podrobná bibliografia
Médium: Článok
Jazyk:Slovak
Témy:
Zdroj: 1. Orol tatranský
LEADER 00742nab#a2200325#ar4500
001 000038413
003 SVKKK
005 00000000000000.0
008 c xo e sloo
FMT
038 |a SVKKK 
040 |a SVKKK  |b slo  |e AACR2 
041 0 |a slo 
044 |a xo  |c SK 
080 |a 885.4-  |2 1981 
100 1 |a Kasarda, Martin  |4 com 
245 1 0 |a Dejiny menejcennosti :  |b Úryvok z druhej kapitoly Kroky  |c Kasarda Martin, 
600 1 4 |a Kasarda, Martin 
650 0 4 |a poviedky-literatúra slovenská 
650 0 4 |a texty 
773 0 |t Orol tatranský 
957 |a Košice 
958 |a KL 
958 |a NP 
958 |a RE 
974 |d 950908  |a SAB 
992 |a RBX 
BAS
852 |a SVKKK  |b BIB 
998 |a REG